Central Library OPAC University of Rajshahi

The electronic theory of catalysis on semiconductors / (Record no. 9175)

MARC details
000 -LEADER
fixed length control field 00968nam a22002651 4500
001 - CONTROL NUMBER
control field 9175
003 - CONTROL NUMBER IDENTIFIER
rucl marc code BD-RjUL
005 - DATE AND TIME OF LATEST TRANSACTION
control field 20211208234730.0
008 - FIXED-LENGTH DATA ELEMENTS--GENERAL INFORMATION
fixed length control field 140120s1963 nyua b 000 0 eng d
035 ## - SYSTEM CONTROL NUMBER
System control number (BD-RjUL)9220
040 ## - CATALOGING SOURCE
Original cataloging agency DLC/ICU
Transcribing agency ICU
Modifying agency DLC
-- (BD-RjUL)
Language of cataloging eng
041 1# - LANGUAGE CODE
Language code of text/sound track or separate title engrus
082 ## - DEWEY DECIMAL CLASSIFICATION NUMBER
Edition number 22
Classification number 662.6623
Author mark and year VOE
100 1# - MAIN ENTRY--PERSONAL NAME
Personal name Volʹkenshteĭn, F. F.
Fuller form of name (Fedor Fedorovich)
9 (RLIN) 28474
245 14 - TITLE STATEMENT
Title The electronic theory of catalysis on semiconductors /
Statement of responsibility, etc. Translated by N.G. Anderson; translation edited by E.J.H. Birch.
260 ## - PUBLICATION, DISTRIBUTION, ETC. (IMPRINT)
Place of publication, distribution, etc. Oxford :
-- New York :
Name of publisher, distributor, etc. Pergamon Press; [distributed in the Western Hemisphere by Macmillan, New York]
Date of publication, distribution, etc. 1963.
300 ## - PHYSICAL DESCRIPTION
Pagination vi, 169 p. :
Illustrations diagrs. ;
Size 23 cm.
504 ## - BIBLIOGRAPHY, ETC. NOTE
Bibliography, etc Bibliography: p. 160-164.
650 #0 - SUBJECT ADDED ENTRY--TOPICAL TERM
Topical term or geographic name as entry element Catalysis.
9 (RLIN) 28475
Topical term or geographic name as entry element Semiconductors.
9 (RLIN) 28029
942 ## - ADDED ENTRY ELEMENTS (KOHA)
Source of classification or shelving scheme Dewey Decimal Classification
Koha item type Books
Holdings
Lost status Source of classification or shelving scheme Damaged status Not for loan Collection code Permanent Location Current Location Shelving location Date acquired Source of acquisition Cost, normal purchase price Total Checkouts Full call number Date last seen Copy number Koha item type
  Dewey Decimal Classification   Not For Loan Non-fiction Central Library, University of Rajshahi Central Library, University of Rajshahi Reading Room 09/11/1965 Zeit 50.00   662.6623 VOE 1963 20/01/2014 C-1 Books